প্রতক্ষ্যদর্শীদের বয়ানে একাত্তরের গণহত্যা / (Record no. 247756)
[ view plain ]
| 000 -LEADER | |
|---|---|
| fixed length control field | 00756nam a22002057a 4500 |
| 003 - CONTROL NUMBER IDENTIFIER | |
| control field | BD-DhUL |
| 005 - DATE AND TIME OF LATEST TRANSACTION | |
| control field | 20190421113424.0 |
| 008 - FIXED-LENGTH DATA ELEMENTS--GENERAL INFORMATION | |
| fixed length control field | 190421s2019 xxu||||| |||| 00| 0 eng d |
| 020 ## - INTERNATIONAL STANDARD BOOK NUMBER | |
| International Standard Book Number | 9789849344902 |
| 040 ## - CATALOGING SOURCE | |
| Original cataloging agency | BD-DhUL |
| Transcribing agency | BD-DhUL |
| 082 ## - DEWEY DECIMAL CLASSIFICATION NUMBER | |
| Classification number | 954.92 |
| Item number | AMP |
| 100 #0 - MAIN ENTRY--PERSONAL NAME | |
| Personal name | আমিন, ইফতেখার |
| 245 #1 - TITLE STATEMENT | |
| Title | প্রতক্ষ্যদর্শীদের বয়ানে একাত্তরের গণহত্যা / |
| Statement of responsibility, etc. | ইফতেখার আমিন |
| 260 ## - PUBLICATION, DISTRIBUTION, ETC. (IMPRINT) | |
| Place of publication, distribution, etc. | ঢাকা : |
| Name of publisher, distributor, etc. | শব্দশৈলী, |
| Date of publication, distribution, etc. | 2019. |
| 300 ## - PHYSICAL DESCRIPTION | |
| Extent | ২৬৪ পৃ. ; |
| Dimensions | ২২ সেমি. |
| 365 ## - TRADE PRICE | |
| Price type code | BDT |
| Price amount | 500.00 |
| 651 #0 - SUBJECT ADDED ENTRY--GEOGRAPHIC NAME | |
| Geographic name | বাংলাদেশ - |
| General subdivision | ইতিহাস |
| 651 #0 - SUBJECT ADDED ENTRY--GEOGRAPHIC NAME | |
| Geographic name | Bangladesh |
| General subdivision | History |
| 942 ## - ADDED ENTRY ELEMENTS (KOHA) | |
| Source of classification or shelving scheme | |
| Koha item type | Books |
| Price effective from | Date last seen | Permanent Location | Not for loan | Date acquired | Source of classification or shelving scheme | Koha item type | Lost status | Withdrawn status | Copy number | Source of acquisition | Collection code | Damaged status | Shelving location | Barcode | Current Location | Public note | Full call number |
|---|---|---|---|---|---|---|---|---|---|---|---|---|---|---|---|---|---|
| 2019-04-21 | 2019-04-21 | Dhaka University Library | 2019-02-06 | Books | 1 | purchased | Non Fiction | Liberation War Collection | 512039 | Dhaka University Library | 954.92 AMP | ||||||
| 2019-04-21 | 2019-04-21 | Dhaka University Library | 2019-02-06 | Books | 2 | purchased | Non Fiction | Bangabandhu Corner | 512040 | Dhaka University Library | Bangabandhu Corner | 954.92 AMP |
